Sports Quiz

Random Sports or Football Quiz

English Football Nicknames 2012 Quiz Stats

 Plays Quiz not verified by Sporcle

Score 0/43 Timer 10:00
0 Plays Today
Club name Nickname % Correct
ArsenalGunners
98.4%
Birmingham CityBlues
90.7%
Manchester UnitedRed Devils
88%
LiverpoolReds
85.2%
EvertonToffees
79.6%
West ham UnitedHammers
74.8%
Norwich CityCanaries
74.6%
Blackburn RoversRovers
74.1%
Newcastle United Magpies
73.5%
Wolverhampton WanderersWolves
73.3%
Hull CityTigers
69.9%
Stoke CityPotters
66.8%
SunderlandBlack Cats
65%
Aston VillaVillains
63.5%
Derby CountyRams
63.2%
Coventry CitySky Blues
62.4%
FulhamCottagers
62.2%
SouthamptonSaints
62.2%
Leicester CityFoxes
61.4%
MillwallLions
60.9%
PortsmouthPompey
58%
Nottingham ForestForest
57.6%
Club name Nickname % Correct
West Bromwich AlbionBaggies
56.1%
Cardiff CityBluebirds
55.3%
Leeds UnitedWhites
55.3%
Crystal PalaceEagles
53.9%
MiddlesbroughBoro
51.8%
BlackpoolTangerines
49.7%
Wigan AthleticLatics
48.8%
BurnleyClarets
48.4%
Ipswich TownTractor Boys
47.9%
WatfordHornets
47.7%
Peterborough UnitedPosh
47.1%
ReadingRoyals
45%
Bolton WanderersTrotters
44.7%
ChelseaBlues or Pensioners
38.2%
Tottenham HotspurSpurs or Lilywhites
36%
Swansea CitySwans or Jacks
34.2%
Manchester CityCitizens or Sky Blues
33.5%
BarnsleyTykes
31.3%
Doncaster RoversRovers or Donny
30.8%
Bristol CityRobins
29.3%
Queens Park RangersHoops or Rs
29%

You're not logged in!

Compare scores with friends on all Sporcle quizzes.
OR
Log In

Show Comments

Extras

Top Quizzes Today


Score Distribution

Your Account Isn't Verified!

In order to create a playlist on Sporcle, you need to verify the email address you used during registration. Go to your Sporcle Settings to finish the process.

Report this User

Report this user for behavior that violates our Community Guidelines.

Details: